Nihon shihon shugi to zaisei /

Disimpan dalam:
Butiran Bibliografi
Pengarang-pengarang Lain: Miyamoto, Kenʾichi, 1930-, Hayashi, Yoshio, 1916-
Format: Buku
Bahasa:Japanese
Diterbitkan: Tōkyō : Ōtsuki Shoten, 1982.
Siri:Kōza konnichi no Nihon shihon shugi ; dai 5-kan.
Subjek-subjek:
Penanda-penanda: Tambah Penanda
Tiada Penanda, Jadilah orang pertama menanda rekod ini!
LEADER 01309nam a2200337 a 4500
001 007765570-2
005 20024617115255.0
008 820722s1982 ja a b 000 0 jpn
010 |a 82181361 /AJ 
020 |c Y2000 
035 0 |a ocm17044896 
040 |a DLC  |c DLC  |d NcD  |d OCoLC  |d CLU  |d *YNH*  |d CStRLIN 
043 |a a-ja--- 
050 0 |a HJ1394  |b .N54 1982 
245 0 0 |6 880-01  |a Nihon shihon shugi to zaisei /  |c [henshū iin Miyamoto Kenʾichi, Hayashi Yoshio]. 
260 |6 880-02  |a Tōkyō :  |b Ōtsuki Shoten,  |c 1982. 
300 |a xiii, 330 p. :  |b ill. ;  |c 21 cm. 
490 1 |6 880-03  |a Kōza konnichi no Nihon shihon shugi ;  |v dai 5-kan 
504 |a Includes bibliographical references. 
650 0 |a Finance, Public  |z Japan  |x History. 
700 1 |6 880-04  |a Miyamoto, Kenʾichi,  |d 1930- 
700 1 |6 880-05  |a Hayashi, Yoshio,  |d 1916- 
880 0 0 |6 245-01  |a 日本資本主義と財政 /  |c [編集委員宮本憲一, 林栄夫]. 
880 |6 260-02  |a 東京 :  |b 大月書店,  |c 1982. 
880 1 |6 490-03  |a 講座今日の日本資本主義 ;  |v 第5卷 
880 1 |6 700-04  |a 宮本憲一,  |d 1930- 
880 1 |6 700-05  |a 林栄夫,  |d 1916- 
830 0 |6 880-53  |a Kōza konnichi no Nihon shihon shugi ;  |v dai 5-kan. 
880 0 |6 830-53  |a 講座今日の日本資本主義 ;  |v 第5卷. 
988 |a 20021209 
906 |0 DLC